000
00356cam a2200169ua 4500
020
_c
2.25
041
_a
mal
_h
082
_a
894.812308
_b
NOS/SC
100
_a
Nosov, N .
245
_a
School kuttikal
260
_a
Punalur :
_b
Udaya Press ,
_c
1957.
300
_a
250 ; .
365
_a
2.25
504
_a
942
_c
BK
999
_c
4326
_d
4326